Szczegóły MARC21

Traktat o miłości /

003 -Nazwa inst., której nr kontr. jest w polu 001 [,]
    • @
    • Nazwa instytucji, której n kontrolny jest w polu 001
    • NUKAT
005 -DATA I CZAS OSTATNIEJ MODYFIKACJI [,]
    • @
    • pole kontrolne
    • 20241231113343.0
020 -Międzynarod. znormalizowany nr książki - ISBN [ , ]
    • a
    • Numer ISBN
    • 830111844X Find
040 -Instytucja sporządzająca opis [ , ]
    • a
    • Instytucja, która sporządziła opis (NP)
    • Ł U/BP
    • c
    • Instytucja, która sporządziła rekord (NP)
    • Ł U/BP
    • d
    • Instytucja, która zmodyfikowała rekord (P)
    • Ł U/AS
    • d
    • Instytucja, która zmodyfikowała rekord (P)
    • Ł U/ASs
    • d
    • Instytucja, która zmodyfikowała rekord (P)
    • WR O/dja
    • d
    • Instytucja, która zmodyfikowała rekord (P)
    • WA U/45TC
041 -Język dokumentu [1, ]
    • a
    • Język tekstu (P)
    • polski
    • h
    • Język tekstu oryginalnego i/lub pośredniego (P)
    • arabski
942 -Rodzaj dokumentu [ , ]
    • c
    • Rodzaj dokumentu
    • Książka
100 -Hasło główne - nazwa osobowa [1, ]
    • a
    • Nazwa osobowa (NP)
    • Ibn al-Árabi
    • d
    • Daty biograficzne (NP)
    • (1165-1240).
    • 9
    • KHW
    • 58668
240 -Tytuł ujednolicony [1,0]
    • a
    • Tytuł ujednolicony
    • Al-Futûḥât al-Makkiya
    • l
    • Język tekstu
    • (pol.)
    • 9
    • KHW
    • 86582
245 -Strefa tytułu i oznaczenia odpowiedzialności [1,0]
    • a
    • Tytuł
    • Traktat o miłości / Find
    • c
    • Pozostałe elementy strefy tytułu i oznaczenia odpowiedzialności (NP)
    • Ibn 'Arabī ; przeł., wstępem i koment. opatrzyła Joanna Wronecka.
260 -Strefa adresu wydawniczego [ , ]
    • a
    • Miejsce wydania (P)
    • Warszawa :
    • b
    • Nazwa wydawcy (P)
    • Wydawnictwo Naukowe PWN,
    • c
    • Data wydania (P)
    • 1995.
300 -Strefa opisu fizycznego [ , ]
    • a
    • Określenie formy książki i/lub objętość (NP)
    • LIX, [1], 210, [10] s. ;
    • c
    • Format (NP)
    • 20 cm.
336 -Typ zawartości [ , ]
    • a
    • Termin opisujący typ zawartości
    • Tekst
    • b
    • Kod określający zawartość
    • txt
    • 2
    • Źródło (terminu i kodu)
    • rdacontent
337 -Typ mediów [ , ]
    • a
    • Tryb odtwarzania
    • Bez urządzenia pośredniczącego
    • b
    • Kod typu mediów
    • n
    • 2
    • Źródło (terminu i kodu)
    • rdamedia
338 -Typ/rodzaj nośnika [ , ]
    • a
    • Hasło opisujące typ nośnika
    • Wolumin
    • b
    • Kod typu nośnika
    • nc
    • 2
    • Źródło (terminu i kodu)
    • rdacarrier
490 -Strefa serii i książki wielotomowej - forma nie do wyszukiwania [1, ]
    • a
    • Tytuł (P)
    • Biblioteka Klasyków Filozofii Find
830 -Hasło dodatkowe serii i opisu książki wielotomowej - tytuł ujednolicony/tytuł [ ,0]
    • a
    • Tytuł ujednolicony/tytuł (NP)
    • Biblioteka Klasyków Filozofii
    • 9
    • KHW
    • 10303
504 -Uwaga dot. bibliogr. załącznikowej [ , ]
    • a
    • Uwaga dot. bibliografii załącznikowej
    • Bibliogr. podm.- przedm. Ibn 'Arabīego s. LV-LIX. Indeks.
080 -Uniwersalna Klasyfikacja Dziesiętna [ , ]
    • a
    • Symbol klasyfikacji
    • 28
    • 2
    • Identyfikator wydania tablic
    • UDC-P058
    • 9
    • UKD
    • 2694
    • b
    • Dopowiedzenie
    • Islam.
080 -Uniwersalna Klasyfikacja Dziesiętna [ , ]
    • a
    • Symbol klasyfikacji
    • 141.33
    • 2
    • Identyfikator wydania tablic
    • UDC-P058
    • 9
    • UKD
    • 2400
    • b
    • Dopowiedzenie
    • Mistycyzm filozoficzny. Szkoły ezoteryczne. Kabała. Teozofia. Antropozofia. Sufizm. Synkretyzm. Eklektyzm.
600 -Hasło przedmiotowe w formie nazwy osobowej [1,7]
    • a
    • Nazwa osobowa
    • Ibn al-Árabi
    • d
    • Daty związane z nazwą
    • (1165-1240)
    • x
    • Określnik rzeczowy
    • krytyka i interpretacja.
    • 2
    • Źródło terminu
    • kaba
    • 9
    • KHW
    • 379305
650 -Hasło przedmiotowe [ ,7]
    • a
    • Hasło przedmiotowe
    • Miłość
    • x
    • Określnik rzeczowy
    • filozofia.
    • 2
    • Źródło terminu
    • kaba
    • 9
    • KHW
    • 368993
650 -Hasło przedmiotowe [ ,7]
    • a
    • Hasło przedmiotowe
    • Bóg
    • x
    • Określnik rzeczowy
    • adoracja i uwielbienie.
    • 2
    • Źródło terminu
    • kaba
    • 9
    • KHW
    • 104118
650 -Hasło przedmiotowe [ ,7]
    • a
    • Hasło przedmiotowe
    • Miłość
    • x
    • Określnik rzeczowy
    • aspekt religijny
    • x
    • Określnik rzeczowy
    • islam.
    • 2
    • Źródło terminu
    • kaba
    • 9
    • KHW
    • 119648
650 -Hasło przedmiotowe [ ,7]
    • a
    • Hasło przedmiotowe
    • Bóg
    • x
    • Określnik rzeczowy
    • miłość.
    • 2
    • Źródło terminu
    • kaba
    • 9
    • KHW
    • 104132
980 -Symbol UKD [ , ]
    • a
    • UKD
    • 141.33:28
700 -Hasło dodatkowe - nazwa osobowa [1, ]
    • a
    • Nazwa osobowa (NP)
    • Wronecka, Joanna. Find
    • e
    • Określenie rodzaju współpracy
    • Tł.
    • 9
    • KHW
    • 58669
710 -Hasło dodatkowe - nazwa ciała zbiorowego [2, ]
    • a
    • Nazwa ciała zbiorowego lub nazwa geograficzna jako pierwszy element (NP)
    • Wydawnictwo Naukowe PWN.
    • 4
    • Kod relacji
    • pbl
    • 9
    • KHW
    • 52648
920 -ISBN [ , ]
    • a
    • ISBN
    • 83-01-11844-X Find
Sygnatura Lokalizacja Data inwentaryzacji Numer inwentarzowy Status udost.
W.186973BG1996-08-23W.186973-3
W.186973BG1996-08-23W.186974-3
 BG1996-04-04Pd.89161
 BNS1996-04-04F.261181